[Event "Benidorm op U2000 13th"]
[Site "Benidorm"]
[Date "2014.12.01"]
[Round "4"]
[White "Kuenitz, Klaus"]
[Black "Cabrera Guerrero, Antonio"]
[Result "1-0"]
[WhiteElo "1645"]
[BlackElo "1860"]
[PlyCount "65"]
[EventDate "2014.11.28"]
[EventType "swiss"]
[EventRounds "10"]
[EventCountry "ESP"]
[SourceTitle "CBM 163 Extra"]
[Source "ChessBase"]
[SourceDate "2014.12.23"]
[SourceVersion "1"]
[SourceVersionDate "2014.12.23"]
[SourceQuality "1"]

1. d4 d5 2. c4 c6 3. cxd5 cxd5 4. Nf3 Nf6 5. Nc3 Bf5 6. Qb3 b6 7. Ne5 e6 8. Bg5 Be7 9. Qa4+ Nfd7 10. Bxe7 Qxe7 11. Nb5 Nxe5 12. Nc7+ Kd8 13. Nxa8 Nec6 14. e3 Qb7 15. Nxb6 Qxb6 16. Bb5 a6 17. Bxc6 Nxc6 18. 0-0 Ke7 19. Qa3+ Kf6 20. Rac1 Nb4 21. Rc3 Nc2 22. Rb3 Nxa3 23. Rxb6 Nc4 24. Rxa6 Nxb2 25. Rc1 Rb8 26. a3 Nc4 27. Ra7 Rb2 28. a4 Ra2 29. g4 Be4 30. f3 Bxf3 31. Rf1 Rg2+ 32. Kh1 Rxg4+ 33. Rxf3+ 1-0

[Event "Xabia Region-ch Preferente"]
[Site "Xabia"]
[Date "2012.10.06"]
[Round "1.6"]
[White "Cabrera Guerrero, Antonio"]
[Black "Perez de Tudela Perales, Fernando"]
[Result "1-0"]
[WhiteElo "1844"]
[BlackElo "1374"]
[PlyCount "53"]
[EventDate "2012.10.06"]
[EventType "swiss"]
[EventRounds "7"]
[EventCountry "ESP"]
[SourceTitle "EXT 2024"]
[Source "ChessBase"]
[SourceDate "2023.10.10"]
[SourceVersion "1"]
[SourceVersionDate "2023.10.10"]
[SourceQuality "1"]

1. e4 e6 2. d4 d5 3. exd5 exd5 4. Nf3 Nf6 5. Be2 Be7 6. 0-0 0-0 7. Bf4 Re8 8. Bd3 Bg4 9. Nbd2 Bd6 10. Bg3 Ne4 11. Qc1 Bxg3 12. fxg3 Nd7 13. c3 Ndf6 14. Qc2 Rc8 15. Rae1 Nxd2 16. Qxd2 h6 17. Ne5 Be6 18. Qf4 Rf8 19. g4 Nd7 20. Qg3 Nxe5 21. Rxe5 Qd7 22. g5 h5 23. g6 fxg6 24. Rxf8+ Rxf8 25. Qxg6 Rf6 26. Qh7+ Kf7 27. Rg5 1-0

[Event "Provincial-ch Xabia Preferente"]
[Site "Valencia"]
[Date "2011.11.19"]
[Round "6.6"]
[White "Cabrera Guerrero, Antonio"]
[Black "Gonzalez Rodriguez, Manuel"]
[Result "1-0"]
[WhiteElo "1867"]
[BlackElo "1961"]
[PlyCount "55"]
[EventDate "2011.10.01"]
[EventType "swiss"]
[EventRounds "7"]
[EventCountry "ESP"]
[SourceTitle "EXT 2024"]
[Source "ChessBase"]
[SourceDate "2023.10.10"]
[SourceVersion "1"]
[SourceVersionDate "2023.10.10"]
[SourceQuality "1"]

1. d4 Nf6 2. f4 c5 3. c3 b6 4. e3 Bb7 5. Nf3 g6 6. Bd3 Bg7 7. 0-0 0-0 8. Nbd2 Qc7 9. Qe2 d6 10. f5 Nc6 11. fxg6 hxg6 12. e4 cxd4 13. Nxd4 Ne5 14. Bc2 a5 15. Rf4 Ba6 16. Qe1 Neg4 17. Rf3 Nd7 18. Bd1 e5 19. Nc2 Bb7 20. Rh3 Qc5+ 21. Ne3 Nxe3 22. Nb3 Qc6 23. Bxe3 Qxe4 24. Bf3 Qc4 25. Bxb7 Rab8 26. Bf3 f5 27. Nd2 Qd3 28. Be2 1-0

[Event "Provincial-ch Xabia Preferente"]
[Site "Valencia"]
[Date "2011.10.29"]
[Round "3.6"]
[White "Perez de Tudela Perales, Fernando"]
[Black "Cabrera Guerrero, Antonio"]
[Result "0-1"]
[WhiteElo "1369"]
[BlackElo "1867"]
[PlyCount "44"]
[EventDate "2011.10.01"]
[EventType "swiss"]
[EventRounds "7"]
[EventCountry "ESP"]
[SourceTitle "EXT 2024"]
[Source "ChessBase"]
[SourceDate "2023.10.10"]
[SourceVersion "1"]
[SourceVersionDate "2023.10.10"]
[SourceQuality "1"]

1. e4 e5 2. d4 exd4 3. Qxd4 Nc6 4. Qd1 d6 5. Nc3 g6 6. b3 Bg7 7. Bb2 Nf6 8. Rb1 0-0 9. Nf3 Re8 10. Bd3 d5 11. e5 Nxe5 12. 0-0 Bg4 13. Be2 Bxf3 14. Bxf3 Nxf3+ 15. Qxf3 c6 16. Ba1 Qc7 17. Ne2 Re6 18. Nf4 Re4 19. Ne2 Ng4 20. g3 Bxa1 21. Rxa1 Rae8 22. Rfe1 Qe5 0-1